5HLuxD.jpg

KING HENRY VIII SENIOR AND PRIMARY SCHOOL LIBRARY OPAC

Anya's ghost / (Record no. 4023)

000 -LEADER
fixed length control field 01290nam a2200361 i 4500
001 - CONTROL NUMBER
control field ocn664665171
003 - CONTROL NUMBER IDENTIFIER
control field OCoLC
005 - DATE AND TIME OF LATEST TRANSACTION
control field 20241224075206.0
008 - FIXED-LENGTH DATA ELEMENTS--GENERAL INFORMATION
fixed length control field 220210s2011 nyua d 6 000 f eng d
010 ## - LIBRARY OF CONGRESS CONTROL NUMBER
LC control number 2010036251
020 ## - INTERNATIONAL STANDARD BOOK NUMBER
International Standard Book Number 9781596435520
040 ## - CATALOGING SOURCE
Original cataloging agency DLC
Transcribing agency DLC
Modifying agency IG#
-- BTCTA
-- ZHI
-- NTE
-- JST
-- WAU
-- VP@
-- CaOL
-- KH8
082 ## - DEWEY DECIMAL CLASSIFICATION NUMBER
Classification number FIC BRO
100 1# - MAIN ENTRY--PERSONAL NAME
Personal name Brosgol, Vera,
Relator term author,
-- illustrator.
245 10 - TITLE STATEMENT
Title Anya's ghost /
Statement of responsibility, etc. Vera Brosgol.
250 ## - EDITION STATEMENT
Edition statement First edition.
264 #1 - PRODUCTION, PUBLICATION, DISTRIBUTION, MANUFACTURE, AND COPYRIGHT NOTICE
Place of production, publication, distribution, manufacture New York :
Name of producer, publisher, distributor, manufacturer First Second,
Date of production, publication, distribution, manufacture, or copyright notice 2011.
264 #4 - PRODUCTION, PUBLICATION, DISTRIBUTION, MANUFACTURE, AND COPYRIGHT NOTICE
Date of production, publication, distribution, manufacture, or copyright notice ©2011.
300 ## - PHYSICAL DESCRIPTION
Extent 221 pages :
Other physical details chiefly illustrations ;
Dimensions 22 cm.
336 ## - CONTENT TYPE
Content type term text
Content type code txt
Source rdacontent.
336 ## - CONTENT TYPE
Content type term still image
Source rdacontent.
337 ## - MEDIA TYPE
Media type term unmediated
Media type code n
Source rdamedia.
338 ## - CARRIER TYPE
Carrier type term volume
Carrier type code nc
Source rdacarrier.
520 ## - SUMMARY, ETC.
Summary, etc. Anya, embarrassed by her Russian immigrant family and self-conscious about her body, has given up on fitting in at school but falling down a well and making friends with the ghost there just may be worse.
650 #0 - SUBJECT ADDED ENTRY--TOPICAL TERM
Topical term or geographic name entry element Russian Americans
Form subdivision Fiction.
650 #0 - SUBJECT ADDED ENTRY--TOPICAL TERM
Topical term or geographic name entry element Interpersonal relations
Form subdivision Fiction.
650 #0 - SUBJECT ADDED ENTRY--TOPICAL TERM
Topical term or geographic name entry element Self-esteem
Form subdivision Fiction.
650 #0 - SUBJECT ADDED ENTRY--TOPICAL TERM
Topical term or geographic name entry element Schools
Form subdivision Fiction.
650 #7 - SUBJECT ADDED ENTRY--TOPICAL TERM
Topical term or geographic name entry element Fantasy fiction.
Source of heading or term genre.
650 #7 - SUBJECT ADDED ENTRY--TOPICAL TERM
Topical term or geographic name entry element Ghost stories.
Source of heading or term genre.
650 #7 - SUBJECT ADDED ENTRY--TOPICAL TERM
Topical term or geographic name entry element Graphic novels.
Source of heading or term genre.
942 ## - ADDED ENTRY ELEMENTS (KOHA)
Source of classification or shelving scheme
Koha item type Graphic Novel
Holdings
Withdrawn status Lost status Source of classification or shelving scheme Damaged status Not for loan Collection code Permanent Location Current Location Shelving location Date acquired Total Checkouts Full call number Barcode Date last seen Date last checked out Price effective from Koha item type
          Fiction KH8 Senior School Library KH8 Senior School Library Graphic Novel 2024-12-24 4 FIC BRO 3KHSL000102128 2026-02-04 2026-01-15 2024-12-24 Graphic Novel

Powered By KH8 IT Dept